Southville International School and Colleges
Your cart is empty.
  • Cart
  • Lists
    Public lists Eva Luna New books Lux_list list_1
    Your lists Log in to create your own lists
  • Log in to your account
  • Your cookies
  • Search history
Southville International School and Colleges
  • Advanced search
  • Recent comments
  • Most popular
  • Libraries

Log in to your account

Log in with GOOGLE


If you do not have an external account, but do have a local account, you can still log in:

  1. Home
  2. MARC view: Goodnight moon /
Normal view MARC view ISBD view

Goodnight moon / (Record no. 105842)

[ view plain ]
MARC details
000 -LEADER
fixed length control field 00495nam a2200169 a 4500
005 - DATE AND TIME OF LATEST TRANSACTION
control field 20140412111416.0
008 - FIXED-LENGTH DATA ELEMENTS--GENERAL INFORMATION
fixed length control field 010424s19uu xx 00 eng d
020 ## - INTERNATIONAL STANDARD BOOK NUMBER
International Standard Book Number 0-694-00361-1
050 ## - LIBRARY OF CONGRESS CALL NUMBER
Classification number ER
Item number Go59 1991
100 ## - MAIN ENTRY--PERSONAL NAME
Personal name Brown, Margaret Wise
245 ## - TITLE STATEMENT
Title Goodnight moon /
Statement of responsibility, etc by Margaret Wise Brown ; pictures by Clement hurd.
260 ## - PUBLICATION, DISTRIBUTION, ETC. (IMPRINT)
Place of publication, distribution, etc Mexico :
Name of publisher, distributor, etc Harper Festival,
Date of publication, distribution, etc 1991.
300 ## - PHYSICAL DESCRIPTION
Extent 1v. (unp.) ; ill.
650 ## - SUBJECT ADDED ENTRY--TOPICAL TERM
Topical term or geographic name as entry element Bedtime stories
650 ## - SUBJECT ADDED ENTRY--TOPICAL TERM
Topical term or geographic name as entry element Children's stories
Holdings
Withdrawn status Lost status Damaged status Home library Current library Shelving location Date acquired Source of acquisition Cost, normal purchase price Total Checkouts Full call number Barcode Date last seen Price effective from Koha item type
      Elizalde Library Elizalde Library Easy Reading Section 10/30/2008   40.00   ER Go59 1991 E10773 04/12/2014 04/12/2014 Books

Goodnight moon /

APA

Brown M. W., . (1991). Goodnight moon. Mexico: Harper Festival.

Chicago

Brown Margaret Wise, . 1991. Goodnight moon. Mexico: Harper Festival.

Harvard

Brown M. W., . (1991). Goodnight moon. Mexico: Harper Festival.

MLA

Brown Margaret Wise, . Goodnight moon. Mexico: Harper Festival. 1991.

  • Place hold
  • Print
  • Cite
  • Add to your cart (remove)
  • Save record
    BIBTEX Dublin Core MARCXML MARC (non-Unicode/MARC-8) MARC (Unicode/UTF-8) MARC (Unicode/UTF-8, Standard) MODS (XML) RIS
  • More searches
    Search for this title in:
    Other Libraries (WorldCat) Other Databases (Google Scholar) Online Stores (Bookfinder.com) Open Library (openlibrary.org)

Exporting to Dublin Core...

SOUTHVILLE LIBRARY

Southville International School and Colleges Library

1281 Tropical Ave. Cor. Luxembourg St., BF Homes International, Las Pinas City

Tel. No. 8256374 / 252358 Loc. 117/146

Powered by Koha